| 000 | 00520nam a2200157 4500 | ||
|---|---|---|---|
| 999 |
_c4756 _d4756 |
||
| 008 | 160921b xxu||||| |||| 00| 0 eng d | ||
| 022 | _a16565649 | ||
| 082 | _aDPer 303.405 H22 May-Sept 2015 n. 6-10 | ||
| 100 |
_915087 _aLu, James |
||
| 245 |
_aIn the near future, smartphones may work like your brain/ _cJames Lu. |
||
| 260 |
_aQuezon City: _bHardware Zone Phils. Corp., _c©2015. |
||
| 300 |
_av11 i6, page 77. _c30 cm. |
||
| 500 | _aHWM Philippines. | ||
| 650 | 0 |
_915088 _aCellular telephones |
|
| 942 |
_2ddc _cPER |
||